Využitie marketingu v poradenských spoločnostiach diplomová práca

Saved in:
Bibliographic Details
Main Author: Kolník, Adam
Corporate Author: Obchodná fakulta EU. Katedra marketingu
Other Authors: Hanuláková, Eva, 1964-
Format: Book
Language:Slovak
Published: Bratislava 2016
Tags: Add Tag
No Tags, Be the first to tag this record!

MARC

LEADER 00000nbm a2200000 4500
001 0216631
005 20170112111234.8
041 0 |a slo 
044 |a SK 
245 1 0 |a Využitie marketingu v poradenských spoločnostiach  |b diplomová práca  |c Adam Kolník ; školiteľ: Eva Hanuláková 
264 1 |a Bratislava  |c 2016 
300 |a 68 s. 
100 1 |a Kolník, Adam 
700 1 |a Hanuláková, Eva, 1964- 
710 2 |a Obchodná fakulta EU. Katedra marketingu